| 000 | 00913nam0a22002531 4500 | ||
|---|---|---|---|
| 001 | rc\206991 | ||
| 005 | 20030307114147.9 | ||
| 010 |
_a5-7680-0832-2 _93000 |
||
| 035 | _a(NLR Aleph) 005458293 | ||
| 090 |
_a4930599 _c4930599 |
||
| 100 | _a20030307d1993 u |0rusy50 ca | ||
| 101 | 0 | _arus | |
| 102 | _aRU | ||
| 105 | _aa ||||||||| | ||
| 200 | 1 | _aНаучные и практические основы экологически безопасной технологии выращивания томата в центральной части Северного Кавказа | |
| 210 |
_aНальчик _cЭльбрус _d1993 |
||
| 215 |
_a214, [2] с. _cил. _d23 |
||
| 320 | _aБиблиогр.: с. 194-215 (700 назв.) | ||
| 700 | 1 |
_aХуштов _bЮ. Б. _gЮрий Билялович |
|
| 801 | 0 |
_aRU _bNLR _gpsbo |
|
| 801 | 1 |
_aRU _bELAR _2rusmarc |
|
| 852 |
_aNLR _j93-5/2591 |
||
| 942 | _cBOOK | ||
| 980 | _aNB | ||